000 00993cam a2200217 4500
001 WB3907-14
008 030219n2003 000 0 eng u
035 _a(Sirsi) u121393
245 _aGlobal economic recovery needed
260 _c2003
490 _aRICS European Economic Brief
_v18 February 2003, (1)
520 _aAccording to the latest RICS Economic Brief on Germany, the country's economic prospects for 2003 have been dampened by tax rises and a weak profit climate. Construction output weakened in 2002 while business property demand has faltered as the technology sector bubble has burst. "Economic Brief: Germany" available at www.rics.org/downloads/brief/German_feb03.pdf www.rics.org/ricscms/bin/show?class=Brief&template=/includes/showbrief.html&id=449
590 _aWB
650 _aGERMANY
650 _aECONOMY
650 _aRICS ECONOMIC BRIEF
650 _aPROPERTY MARKET
650 _aCONSTRUCTION OUTPUT
690 _aINTERNATIONAL-EUROPE
942 _n0
999 _c72132
_d72132